[Event "Sapporo Autumn Chess Tournament 2025"]
[Site "Sapporo Chess Club"]
[Date "2025.10.12"]
[Round "2.2"]
[White "Nakamura, Mitsuru"]
[Black "Yoshii, Yukihiko"]
[Result "1-0"]
[WhiteElo "1579"]
[BlackElo "1753"]
[Annotator "Fritz 11 SE (30s)"]
[PlyCount "155"]
[EventDate "2025.10.12"]

{[%mdl 8192] C90: Closed Ruy Lopez with 7...d6: Early deviations} 1. e4 e5 2.
Nf3 Nc6 3. Bb5 a6 4. Ba4 Nf6 5. O-O Be7 6. Re1 b5 7. Bb3 d6 8. c3 Na5 9. Bc2 c5
10. d4 cxd4 11. cxd4 Nc6 (11... Qc7 12. h3 h6 13. Nbd2 Bb7 14. d5 Nc4 15. Nxc4
bxc4 16. Re3 Rc8 17. Rc3 Qb6 18. Be3 Qxb2 19. Qe1 Qb5 20. Rb1 Qd7 21. Nd2 O-O
22. Nxc4 Qc7 23. Bd2 Nd7 24. Nxe5 Nc5 25. Nd3 Bf6 26. Rc4 {Palac,M (2571)
-Kristovic,M (2336) Zagreb 2006 1-0 (57)}) 12. Be3 $146 (12. d5 Nb8 13. a4 bxa4
14. Nc3 O-O 15. Nxa4 Nbd7 16. Be3 g6 17. Nd2 Ne8 18. Nc4 f5 19. exf5 gxf5 20.
f4 e4 21. Qd2 Nef6 22. Na5 Qe8 23. Nc6 Ng4 24. Bd4 Bf6 25. h3 Nh6 26. Ra3 Qf7 {
Klovans,J (2464)-Ljubarskij,J (2317) Bad Sooden 2004 1/2-1/2 (42)}) (12. h3 O-O
13. Nc3 Bb7 14. d5 Nb8 15. Be3 Nbd7 16. Bd3 Rc8 17. a4 b4 18. Na2 a5 19. Nc1
Nc5 20. Bxc5 Rxc5 21. Nb3 Rc8 22. Nfd2 Nd7 23. Nc4 Ra8 24. Rc1 Ra7 25. Qe2 Ra8
26. Rc2 f5 {Mickiewicz,P (2344)-Marholev,D (2401) Marianske Lazne 2011 1-0 (47)
}) 12... O-O 13. h3 {Prevents intrusion on g4} h6 {Covers g5} 14. a3 {
Consolidates b4} Re8 15. Nbd2 Bd7 {White has an active position} 16. Rc1 Rc8
17. b4 exd4 18. Bxd4 (18. Nxd4 a5 $14) 18... Nxd4 19. Nxd4 {Black has the pair
of bishops} Bf8 20. N2f3 Qb6 21. Bb1 Red8 (21... Rc4 22. Re2 $11) 22. Qd2 g6 {
White has an active position} (22... Rxc1 23. Qxc1 Re8 24. Qf4 $11) 23. Qf4 {
White threatens to win material: Qf4xf6} Bg7 24. Ba2 {White has a very active
position} Be8 25. Re2 $4 {with this move White loses his initiative} (25. Red1
$5 $14) 25... Nd7 $4 {throws away a nice position} (25... Nh5 $142 {it becomes
clear that Black will call all the shots} 26. Qd2 Rxc1+ 27. Qxc1 Bxd4 28. Qxh6
Bg7 $19) 26. Rec2 Rxc2 27. Nxc2 {White has an active position} Rc8 28. Nce1 Rc7
(28... Rxc1 29. Qxc1 Nf6 30. e5 dxe5 31. Nxe5 $15) 29. Rxc7 (29. Nd3 g5 30. Qd2
Nf6 31. Rxc7 Qxc7 $11) 29... Qxc7 30. Bd5 {A classical outpost} (30. Qg3 Nf6
$15) 30... Ne5 (30... Nb6 31. Bb3 $15) 31. Qd2 g5 32. Nxe5 Bxe5 33. h4 (33. Nc2
Bd7 $11) 33... Qc3 34. Qxc3 Bxc3 35. Nf3 g4 {Black threatens to win material:
g4xf3} 36. Nh2 h5 (36... Bd7 37. Nf1 $15) 37. f3 {White threatens to win
material: f3xg4} (37. Nf1 Kh7 $11) 37... Bd4+ $15 38. Kh1 Bd7 39. fxg4 hxg4 40.
g3 $2 (40. Nf1 $142 $15 {and White can hope to live}) 40... Bb2 $19 41. Nf1
Bxa3 42. Bb7 Bxb4 43. Bxa6 Bc5 44. Bb7 (44. Nd2 Be3 45. Nf1 Bd4 $19) 44... Kg7
45. Kg2 Kg6 46. Nd2 Be6 47. Ba6 (47. Bc6 b4 48. Ba4 Be3 $19) 47... b4 48. Bd3
Kf6 (48... b3 {seems even better} 49. e5+ f5 50. exf6+ Kxf6 51. Kf1 $19) 49.
Kf1 (49. Bc2 Be3 50. Nb3 d5 51. exd5 Bxd5+ 52. Kf1 Ke5 $19) 49... Ke5 (49... b3
$5 {makes it even easier for Black} 50. Nc4 $19) 50. Ke2 f5 (50... b3 $5 51.
Nc4+ Kf6 52. Ne3 $19) 51. exf5 Bxf5 52. Nc4+ Kf6 53. Bxf5 Kxf5 54. Kd3 $2 (54.
Nd2 Kg6 $19) 54... Kf6 (54... b3 {keeps an even firmer grip} 55. Nd2 b2 56. Kc2
$19) 55. Ke4 $2 (55. Nd2 d5 $19) 55... Ke6 (55... Kg6 {and Black can already
relax} 56. Nd2 Bf2 57. Nf1 $19) 56. Kf4 $4 {the position is going down the
drain} (56. Na5 $142 Bf2 57. Kf4 $17) 56... Kd5 $19 57. Nd2 Kd4 58. h5 (58.
Nb3+ {doesn't get the bull off the ice} Kd3 59. Nxc5+ (59. Kxg4 $4 {White will
choke on that pawn} Bb6 60. Na1 Kc3 $19) 59... dxc5 60. h5 $19) 58... Kc3 {
Black threatens to win material: Kc3xd2} (58... Kd3 $142 {ends the debate} 59.
Nb3 Bb6 $19) 59. Ne4+ $11 Kd3 $4 {what a pity, victory was in sight} (59... Kc2
$142 {the only rescuing move} 60. h6 Bd4 61. Nxd6 Kd3 $11) 60. Nxc5+ $18 dxc5
61. h6 b3 62. h7 b2 63. h8=Q Kc2 64. Qh7+ Kc1 65. Qh1+ Kc2 66. Qg2+ Kb3 67.
Qd5+ c4 (67... Kb4 68. Qe6 b1=B 69. Qb6+ Kc4 70. Qxb1 Kd5 71. Kf5 Kc6 72. Qa1
Kb7 73. Qa4 c4 74. Qxc4 Kb6 75. Ke6 Kb7 76. Kd6 Kb6 77. Qb3+ Ka5 78. Kc5 Ka6
79. Qb6#) 68. Qd1+ (68. Qb5+ Ka3 69. Ke4 b1=B+ 70. Qxb1 c3 71. Kd3 c2 72. Kxc2
Ka4 73. Qb6 Ka3 74. Qb3#) 68... Ka2 (68... Kc3 {a fruitless try to alter the
course of the game} 69. Ke5 Kb4 70. Qc2 c3 71. Kd5 Ka5 72. Kc5 Ka6 73. Kc6 Ka7
74. Kc7 b1=Q 75. Qa4#) 69. Qa4+ Kb1 70. Qxc4 (70. Ke3 Kc1 71. Qxc4+ Kb1 72. Kd3
Ka1 73. Qa4+ Kb1 74. Qa5 Kc1 75. Qe1#) 70... Ka1 71. Qf1+ (71. Qa4+ Kb1 72. Ke3
Kc1 73. Qc4+ Kb1 74. Kd3 Ka1 75. Qa4+ Kb1 76. Qa5 Kc1 77. Qe1#) 71... b1=Q (
71... Ka2 {doesn't do any good} 72. Kxg4 Kb3 73. Qb5+ Kc3 74. Qc5+ Kd3 75. Qa3+
Kc4 76. Qxb2 Kd5 77. Kf5 Kc4 78. g4 Kd3 79. Qd4+ Kc2 80. Qc4+ Kb2 81. g5 Ka3
82. g6 Kb2 83. g7 Ka3 84. g8=Q Kb2 85. Qg5 Ka3 86. Qgc1#) 72. Qxb1+ Kxb1 73.
Kxg4 Kc2 (73... Ka2 {doesn't change the outcome of the game} 74. Kf4 Ka1 75. g4
Kb1 76. Ke4 Kb2 77. g5 Ka3 78. g6 Kb3 79. Kd4 Kb4 80. g7 Ka5 81. g8=Q Kb6 82.
Qd5 Kc7 83. Kc5 Kb8 84. Qd7 Ka8 85. Kc6 Kb8 86. Qb7#) 74. Kf4 (74. Kf5 Kd2 75.
g4 Kc1 76. g5 Kb2 77. Ke4 Kc3 78. g6 Kc2 79. g7 Kd2 80. g8=Q Kc3 81. Qc8+ Kb3
82. Kd4 Kb2 83. Qc4 Ka1 84. Qe2 Kb1 85. Kc3 Kc1 86. Qc2#) 74... Kd3 (74... Kb2
{cannot change destiny} 75. g4 Kb3 76. g5 Kb4 77. g6 Ka3 78. g7 Kb4 79. g8=Q
Kb5 80. Ke5 Kb6 81. Qb3+ Kc5 82. Qc3+ Kb5 83. Qd3+ Kc5 84. Qc2+ Kb5 85. Qc3 Kb6
86. Kd6 Kb5 87. Qb3+ Ka5 88. Kc5 Ka6 89. Qb6#) 75. g4 Kd4 (75... Kc3 {doesn't
get the bull off the ice} 76. Ke5 Kc2 77. g5 Kb1 78. g6 Kc1 79. g7 Kd1 80. g8=Q
Kc2 81. Qc4+ Kb2 82. Kd4 Kb1 83. Qe2 Kc1 84. Kc3 Kb1 85. Qb2#) 76. Kf5 (76. g5
Kd3 77. g6 Kd2 78. Ke5 Kc1 79. g7 Kd2 80. g8=Q Ke2 81. Qc4+ Ke3 82. Qc3+ Ke2
83. Kf4 Kf2 84. Qc2+ Ke1 85. Ke3 Kf1 86. Qf2#) 76... Kd5 (76... Kc4 {does not
solve anything} 77. Ke5 Kb4 78. g5 Kc3 79. g6 Kc2 80. g7 Kd2 81. g8=Q Ke2 82.
Qc4+ Ke3 83. Qc3+ Kf2 84. Kf4 Kg1 85. Qd2 Kf1 86. Kf3 Kg1 87. Qg2#) 77. g5 Kd6
(77... Kc6 {doesn't do any good} 78. g6 Kc7 79. Ke6 Kb7 80. Ke5 Ka6 81. g7 Kb5
82. g8=Q Kb6 83. Qb3+ Kc5 84. Qa3+ Kb5 85. Qd3+ Kc6 86. Qd5+ Kb6 87. Kd6 Ka7
88. Qb5 Ka8 89. Kc6 Ka7 90. Qb7#) 78. Kf6 (78. Kf6 Kc6 79. g6 Kc5 80. Ke5 Kb4
81. g7 Ka4 82. g8=Q Kb5 83. Qd5+ Kb4 84. Kd4 Ka3 85. Qb5 Ka2 86. Kc3 Ka3 87.
Qb3#) 1-0

[Event "Sapporo Autumn Chess Tournament 2025"]
[Site "Sapporo Chess Club"]
[Date "2025.10.12"]
[Round "2.4"]
[White "Araki, Dai"]
[Black "Sugimoto, Koichi"]
[Result "1/2-1/2"]
[WhiteElo "1753"]
[BlackElo "1866"]
[Annotator "Fritz 11 SE (30s)"]
[PlyCount "200"]
[EventDate "2025.10.12"]

{[%mdl 8256] A07: R騁i Opening: New York and Capablanca Systems} 1. Nf3 d5 2.
g3 Bg4 3. Bg2 Nf6 4. O-O c6 5. d3 e6 6. h3 Bh5 7. Nh4 (7. c4 Nbd7 8. cxd5 cxd5
9. Qb3 Qb6 10. Qxb6 Nxb6 11. g4 Bg6 12. Bf4 Be7 13. Rc1 Rc8 14. Nc3 a6 15. Rc2
O-O 16. Rac1 Nfd7 17. Nd4 Bf6 18. Nb3 Be5 19. Bxe5 Nxe5 20. f4 Nc6 21. f5 exf5
{Urban,K (2443)-Lisowski,K (2152) Poronin 2014 1-0 (41)}) 7... Bd6 $146 (7...
Be7 8. f4 Nfd7 9. Nf3 Bxf3 10. Bxf3 Na6 11. Bg2 O-O 12. e4 Nc7 13. Kh2 a5 14.
Qe2 a4 15. a3 Nb5 16. Nd2 Re8 17. Nf3 Bf8 18. e5 Qb6 19. c3 Nc5 20. Be3 Qd8 21.
Rad1 Nb3 22. d4 {Dubov,D (2629)-Malakhov,V (2716) Warsaw 2013 1/2-1/2 (204)})
8. Qe1 O-O 9. e4 dxe4 10. dxe4 Nfd7 11. f4 Be7 12. Nf3 Qb6+ 13. Kh1 Bxf3 14.
Rxf3 {White has the pair of bishops} Nf6 (14... Rd8 15. b3 $11) 15. Rb3 (15. e5
Nfd7 $14) 15... Qc7 $11 16. c4 (16. Nc3 Na6 $11) 16... Na6 17. e5 {White
threatens to win material: e5xf6} Nd7 18. Be3 Nac5 {Black threatens to win
material: Nc5xb3} (18... Ndc5 19. Ra3 $11) 19. Rc3 Na4 {Black threatens to win
material: Na4xc3. Black forks: c3+b2} (19... f6 20. exf6 Bxf6 21. Rc2 $11) 20.
Rc2 Ndc5 21. Bxc5 (21. b3 $5 {is noteworthy} Nd3 22. Qd2 $14) 21... Nxc5 $11 {
Opposite coloured bishops appeared} 22. Nc3 Rad8 23. Rd1 a5 24. Rcd2 Rxd2 25.
Rxd2 Rd8 26. Qd1 Rxd2 {Black forks: b2+d1} 27. Qxd2 Qd8 28. Qxd8+ Bxd8 29. Ne4
Nxe4 30. Bxe4 h6 31. Kg2 Kf8 32. Kf3 Ke8 33. f5 Ke7 34. Kf4 Bc7 35. fxe6 Kxe6
36. Bf5+ Ke7 37. Ke4 b6 38. g4 g6 39. Bc8 Kd8 {Black threatens to win material:
Kd8xc8} 40. Bb7 {White threatens to win material: Bb7xc6} Kd7 41. b3 Bd8 42. c5
Kc7 {Black threatens to win material: Kc7xb7} 43. Ba6 b5 44. a4 bxa4 45. bxa4
Kd7 46. Kd4 Bc7 47. Bd3 Ke6 48. Bc4+ Ke7 49. h4 Bb8 50. h5 gxh5 51. gxh5 Bc7
52. Ke4 Bb8 53. Ba6 Ke6 54. Bc8+ Ke7 55. Bb7 {White threatens to win material:
Bb7xc6} Kd7 56. Ba6 Ke6 57. Bc4+ Ke7 58. Kd4 Bc7 {Twofold repetition} 59. Be2
Ke6 60. Bg4+ Ke7 61. Bf3 Kd7 62. Ke4 Ke6 63. Bg4+ Ke7 64. Kf5 Bb8 65. Bf3 Kd7
66. Kf6 Bc7 67. Be4 Bb8 68. Bf5+ Ke8 69. Be4 {White threatens to win material:
Be4xc6} Kd7 70. Bg6 {Decoy: g6} fxg6 $4 (70... Ba7 $142 $11 {was a good chance
to save the game}) 71. hxg6 (71. e6+ Kc8 72. hxg6 Bf4 73. e7 Kd7 74. Kf7 Kc7
75. e8=Q Kb7 76. g7 Bc7 77. g8=Q Bf4 78. Qa8+ Kc7 79. Qac8#) 71... Bxe5+ $18
72. Kxe5 Ke7 73. g7 Kf7 74. g8=Q+ $1 {leaving no more doubts.} Kxg8 75. Kd6 h5
76. Kxc6 h4 77. Kb5 (77. Kb6 {keeps an even firmer grip} h3 78. c6 h2 $18)
77... h3 (77... Kf7 78. c6 Ke7 $18) 78. c6 h2 79. c7 h1=Q 80. c8=Q+ Kf7 81.
Qd7+ Kf8 (81... Kg8 82. Kxa5 Qa8+ 83. Kb5 Qb8+ 84. Kc5 Qf8+ 85. Kb6 Qb8+ 86.
Qb7 Qd8+ 87. Ka6 Qd3+ 88. Qb5 Qd6+ 89. Ka7 Qd4+ 90. Kb7 Qe4+ 91. Qc6 Qe7+ 92.
Kb6 Qe3+ 93. Kc7 Qe7+ 94. Kb8 Qb4+ 95. Ka7 Qe7+ 96. Qb7 Qc5+ 97. Kb8 Qe5+ 98.
Qc7 Qb2+ 99. Kc8 $18) 82. Kxa5 Qa8+ 83. Kb5 Qb8+ 84. Kc5 Qe5+ 85. Qd5 (85. Kb6
{makes it even easier for White} Qe3+ 86. Kb7 Qb3+ 87. Qb5 Qf3+ 88. Qc6 Qb3+
89. Kc8 Qh3+ 90. Kc7 Qh7+ 91. Kb8 Qh2+ 92. Qc7 Qb2+ 93. Kc8 Qg2 $18) 85... Qc3+
(85... Qc7+ 86. Kb5 Ke7 87. Ka6 $18) 86. Kb5 Qb2+ (86... Ke7 {doesn't get the
cat off the tree} 87. a5 $18) 87. Ka6 Qe2+ 88. Kb6 Qb2+ 89. Kc6 Qa1 (89... Qf6+
{cannot undo what has already been done} 90. Kc7 Qg7+ 91. Qd7 Qc3+ 92. Qc6 Qg7+
93. Kb8 Qb2+ 94. Qb5 Qh2+ 95. Kb7 Qg2+ 96. Kb6 Qg6+ 97. Qc6 Qb1+ 98. Ka7 Qg1+
99. Ka8 $18) 90. a5 Qa4+ 91. Kb6 Qb4+ 92. Ka7 Qe7+ 93. Qb7 Qc5+ 94. Qb6 Qe7+
95. Ka8 Qe4+ 96. Qb7 Qc4 97. a6 (97. Kb8 $142 {secures the point} Qf4+ 98. Qc7
Qb4+ 99. Ka8 Qe4+ 100. Ka7 Qd4+ 101. Qb6 Qd7+ 102. Ka8 $18) 97... Ke8 $11 98.
Qb8+ Kd7 99. a7 Qc8 100. Qxc8+ Kxc8 1/2-1/2

[Event "Sapporo Autumn Chess Tournament 2025"]
[Site "Sapporo Chess Club"]
[Date "2025.10.12"]
[Round "2.5"]
[White "Yajima, Machiko"]
[Black "Shishido, Kenta"]
[Result "0-1"]
[WhiteElo "1327"]
[BlackElo "1483"]
[Annotator "Fritz 11 SE (30s)"]
[PlyCount "126"]
[EventDate "2025.10.12"]

{[%mdl 8192] A05: R騁i Opening: 1 Nf3 Nf6} 1. g3 Nf6 2. Nf3 b6 3. Bg2 Bb7 4.
O-O e6 5. d3 d6 6. Nc3 $146 (6. e4 Nbd7 (6... g6 7. Nbd2 Bg7 8. Nh4 Nc6 9. f4
O-O 10. c3 Rb8 11. d4 Ne7 12. e5 Ne8 13. Ne4 Nf5 14. Nxf5 exf5 15. Ng5 Bxg2 16.
Kxg2 dxe5 17. dxe5 Bh6 18. h4 Qxd1 19. Rxd1 Bxg5 20. hxg5 Ng7 21. Be3 {
Vesselovsky,S (2420)-Enders,P (2490) Wattens 1999 1/2-1/2 (38)}) 7. Re1 (7. b3
Be7 8. Bb2 O-O 9. Nbd2 c5 10. Re1 Rc8 11. a4 a6 12. d4 cxd4 13. Nxd4 Qc7 14. c4
Rfe8 15. Rc1 Qb8 16. h3 Bf8 17. Kh2 h6 18. f4 e5 19. Nf5 g6 20. Ne3 exf4 21.
gxf4 Nh5 {Lomsadze,D (2360)-Gharagyozyan,A (2254) Poti 2012 0-1 (53)}) (7. Nbd2
Be7 8. Re1 O-O 9. d4 e5 10. c3 Re8 11. a4 Bf8 12. a5 bxa5 13. dxe5 dxe5 14.
Rxa5 Bc5 15. Qc2 Bb6 16. Ra1 Nc5 17. Bf1 a5 18. b3 Qd7 19. Ba3 Rad8 20. Bxc5
Bxc5 21. Rxa5 Bb6 {Tattersall Rodriguez,L (2338)-Serra Olives,T (2240)
Binissalem 2002 0-1 (33)}) (7. Nc3 g6 8. Nh4 Qb8 9. f4 Bg7 10. Bd2 c5 11. Qe2
O-O 12. g4 h6 13. Bh3 Bc6 14. Rae1 Qe8 15. Nf3 Qe7 16. Qf2 Rae8 17. Qg3 d5 18.
e5 Nh7 19. Re2 Kh8 20. Bg2 b5 21. Qh3 Rg8 {Visser,Y (2441)-Geirnaert,S (2160)
Dieren 2002 1-0 (63)}) 7... Be7 8. a4 a6 9. c4 c5 10. Bd2 O-O 11. b4 Qc7 12.
Na3 Rab8 13. b5 a5 14. Bc3 Rbd8 15. Nd2 Ne8 16. f4 Bf6 17. e5 dxe5 18. Bxb7
Qxb7 19. fxe5 Be7 20. Nc2 f6 {Tattersall Rodriguez,L (2303)-Serra Olives,T 
(2213) Palma de Mallorca 2003 1-0 (53)}) 6... Be7 7. b3 Nbd7 8. Bb2 a6 {
Controls b5} 9. e4 O-O 10. Ng5 Ne8 11. Nf3 c5 12. Ne2 Bf6 13. Rb1 Rc8 14. Nf4 (
14. c3 g6 $11) 14... Bxb2 15. Rxb2 Qf6 {Black threatens to win material: Qf6xb2
} 16. Qc1 Nc7 17. Nh5 {White threatens to win material: Nh5xf6} Qc3 18. b4 $2 (
18. Nf4 $142 $5 $11 {and White is still in the game}) 18... cxb4 $17 19. Rb3 (
19. Nf4 a5 $17) 19... Qc6 (19... Qc5 20. g4 $19) 20. Nxg7 $2 (20. Qg5 Ne8 21.
Rxb4 Qxc2 22. Qe7 $19) 20... Kxg7 $19 21. Qg5+ Kh8 22. Qc1 $2 (22. Rxb4 Qc5 23.
Qd2 $19) 22... a5 23. Ng5 (23. a3 {doesn't change the outcome of the game} Na6
24. Nd4 Qc5 $19) 23... f6 24. Nh3 (24. Nf3 {does not win a prize} Nb5 25. Nh4
Qxc2 26. Ng6+ Kg7 27. Qxc2 Rxc2 28. Nxf8 Kxf8 $19) 24... Nc5 (24... e5 $5 {
seems even better} 25. Qd2 $19) 25. Rb1 Nb5 26. Qh6 (26. Qd2 {cannot undo what
has already been done} e5 $19) 26... e5 27. Bf3 (27. f4 {doesn't get the bull
off the ice} Nd7 28. Bf3 Rg8 29. fxe5 Qc5+ 30. Kh1 Qxe5 $19) 27... Qd7 28. Qe3
(28. Rbe1 $19 {hoping against hope}) 28... Qxh3 29. Bg2 Qe6 30. c4 Nc3 31. Rb2
Qg4 (31... Rg8 {and Black can already relax} 32. f3 $19) 32. f4 Nd1 33. Rxd1 (
33. Qe2 {cannot change what is in store for White} Qxe2 34. Rxe2 Nc3 $19) 33...
Qxd1+ 34. Bf1 Rg8 (34... f5 {makes it even easier for Black} 35. exf5 Rxf5 36.
Rf2 $19) 35. Rd2 Qg4 (35... Qc1 {keeps an even firmer grip} 36. Qf2 $19) 36. f5
(36. Rf2 {doesn't improve anything} a4 $19) 36... Qh5 (36... a4 {seems even
better} 37. Be2 Qg5 38. Qxg5 Rxg5 39. a3 $19) 37. Qf2 (37. Bg2 {does not win a
prize} Bc6 $19) 37... Na4 38. Rc2 Rc6 (38... Qh6 $142 {and Black can already
relax} 39. Re2 $19) 39. d4 Nc3 40. d5 Nxe4 (40... Rc5 {might be the shorter
path} 41. Bd3 Qd1+ 42. Qf1 Qxf1+ 43. Bxf1 Nxe4 44. Be2 $19) 41. Qe1 Rc5 (41...
Ng5 $142 {seems even better} 42. Bg2 Rc5 43. Qf1 $19) 42. Rg2 (42. Qxe4 {
there is nothing better in the position} b5 $1 {Deflection: d5} 43. Be2 $19)
42... Nc3 43. Bd3 Ba6 44. Qf2 Qd1+ (44... Bxc4 45. Bxc4 Rxc4 46. Qc2 Re4 47.
Qd3 Re1+ 48. Kf2 Rd1 49. a3 Rxd3 50. g4 Qh4+ 51. Rg3 Qxh2+ 52. Rg2 Qf4+ 53. Kg1
Rd1#) 45. Bf1 Bxc4 46. Qf3 (46. a3 {is no salvation} bxa3 47. Kh1 Bxf1 48. Rg1
Qxd5+ 49. Rg2 Bxg2+ 50. Qxg2 Ne4 51. Qf3 Nxg3+ 52. Kg2 Rc2+ 53. Kh3 Qxf3 54.
hxg3 Qxg3#) 46... Bxf1 (46... Qxf3 47. Rf2 Qd1 48. Kg2 Nxd5 49. Kh1 Bxf1 50. h4
Rxg3 51. Kh2 Qg4 52. Kh1 Qe4+ 53. Rf3 Qxh4#) 47. Qxf1 $19 Qxf1+ 48. Kxf1 Nxd5
49. Ke1 Rgc8 (49... Rc1+ 50. Kd2 Rgc8 51. Re2 R8c2+ 52. Kd3 Rc3+ 53. Kd2 R1c2+
54. Kd1 Rxe2 55. Kxe2 a4 56. Kd2 b3 57. axb3 axb3 58. Ke1 b2 59. Kf2 b1=Q 60.
Kg2 Ne3+ 61. Kh3 Qa2 62. Kh4 Qxh2#) 50. Re2 (50. Rd2 {does not improve anything
} Rc1+ 51. Ke2 R1c2 52. h3 Nc3+ 53. Ke1 Rxd2 54. Kxd2 Nxa2 55. g4 b3 56. h4 b2
57. g5 b1=Q 58. gxf6 Qb2+ 59. Ke3 Qg2 60. f7 Rc3#) 50... Rc2 51. Rd2 (51. h4 {
is not much help} Rxe2+ 52. Kxe2 Nc3+ 53. Kd3 Nxa2 54. Ke4 Nc3+ 55. Kf3 b3 56.
Ke3 b2 57. Kf3 b1=Q 58. Kg2 Nd5 59. Kf3 Qf1+ 60. Ke4 Rc5 61. g4 Qe2#) 51...
Rxd2 52. Kxd2 Rc3 53. g4 Ne3 (53... e4 54. g5 Nf4 55. g6 e3+ 56. Kd1 e2+ 57.
Kd2 Rd3+ 58. Ke1 Rd1+ 59. Kf2 Rf1+ 60. Ke3 e1=Q+ 61. Kd4 Qc3+ 62. Ke4 d5#) 54.
h3 Nf1+ 55. Ke1 Nh2 56. Kf2 Rxh3 57. Kg2 (57. g5 {is not the saving move} Ra3
58. gxf6 Rxa2+ 59. Ke3 Ng4+ 60. Ke4 Nxf6+ 61. Kd3 d5 62. Ke3 Kg7 63. Kf3 b3 64.
Kg3 b2 65. Kh3 b1=Q 66. Kh4 Qxf5 67. Kg3 Qg4#) 57... Ra3 58. Kxh2 (58. g5 {
does not help much} Rxa2+ 59. Kg3 fxg5 60. f6 Kg8 61. Kh3 b3 62. Kg3 b2 63. f7+
Kxf7 64. Kxh2 b1=Q+ 65. Kg3 Qe4 66. Kh3 Qf3#) 58... Rxa2+ 59. Kh3 (59. Kg3 {
cannot change what is in store for White} b3 60. Kf3 d5 61. g5 b2 62. g6 b1=Q
63. g7+ Kxg7 64. Kg3 Qd3+ 65. Kg4 Ra4+ 66. Kh5 Qxf5#) 59... b3 60. g5 (60. Kh4
{does not save the day} b2 61. g5 b1=Q 62. Kg3 Qd3+ 63. Kh4 Rh2+ 64. Kg4 Qh3#)
60... fxg5 (60... b2 61. g6 b1=Q 62. g7+ Kxg7 63. Kg4 Qd3 64. Kh4 Rh2+ 65. Kg4
h5#) 61. f6 Kg8 62. Kg4 (62. f7+ {hardly improves anything} Kxf7 63. Kg3 b2 64.
Kf2 b1=Q+ 65. Kf3 Qd3+ 66. Kg4 Kf6 67. Kh5 Qh3#) 62... Kf7 63. Kxg5 (63. Kf3 {
does not solve anything} b2 64. Kg4 b1=Q 65. Kf3 Qd3+ 66. Kg4 Kxf6 67. Kh5 Qh3#
) 63... b2 (63... b2 64. Kg4 b1=Q 65. Kg3 Qe4 66. Kh3 h5 67. Kg3 Qg4#) (63...
Ra4 64. Kf5 b2 65. Kg5 b1=Q 66. Kh6 Qg6#) 0-1

[Event "Sapporo Autumn Chess Tournament 2025"]
[Site "Sapporo Chess Club"]
[Date "2025.10.12"]
[Round "2.6"]
[White "Ito, Katsuhide"]
[Black "Kaga, Kazuyuki"]
[Result "0-1"]
[WhiteElo "1307"]
[BlackElo "1481"]
[Annotator "Fritz 11 SE (30s)"]
[PlyCount "80"]
[EventDate "2025.10.12"]

{[%mdl 8192] B08: Pirc Defence: Classical System} 1. e4 g6 2. d4 Bg7 3. Nf3 d6
4. Be2 Nf6 5. Nc3 O-O 6. O-O a6 7. a4 Nc6 8. Bd2 $146 {White has an active
position} (8. Bf4 e6 9. Re1 b6 10. Qd2 Bb7 11. Bg5 Qd7 12. Rad1 Rae8 13. h3 Qc8
14. e5 dxe5 15. dxe5 Nd5 16. Bc4 Nxc3 17. Qxc3 Ne7 18. Bf6 Nd5 19. Bxd5 Bxd5
20. Rd4 Qb7 21. Rh4 Bxf3 22. gxf3 h5 {Schlawin,M (2298)-Kengis,E (2528)
Hamburg 2005 1/2-1/2 (53)}) (8. a5 e5 9. d5 Ne7 10. Ne1 c6 11. Nf3 cxd5 12.
exd5 Nf5 13. Nd2 Nd4 14. Nc4 Bf5 15. Bd3 Qc7 16. Bxf5 Qxc4 17. Bh3 Nh5 18. g3
f5 19. Bg2 Rac8 20. Ra4 Qc7 21. Be3 f4 22. Bxd4 exd4 {Zubov,A (2614)-Van
Kampen,R (2596) Tel Aviv 2013 1-0 (66)}) (8. d5 Nb4 9. a5 e6 10. Bg5 h6 11. Be3
Ng4 12. Bd2 exd5 13. exd5 Bf5 14. Ra4 c5 15. dxc6 Nxc6 16. Nd5 Rc8 17. h3 Nge5
18. Be3 Kh7 19. c3 Re8 20. Qd2 Nxf3+ 21. Bxf3 Ne5 22. Be2 Nd7 {Romanov,E (2577)
-Ben Artzi,I (2397) Golden Sands 2015 1-0}) (8. Be3 Ng4 9. Bg5 h6 10. Bh4 Nf6
11. h3 Nh5 12. d5 Nb8 13. Ne1 Nf4 14. Nd3 Nxe2+ 15. Qxe2 c6 16. a5 Nd7 17. Bg3
cxd5 18. Nxd5 b5 19. c3 Bb7 20. Rfd1 e6 21. N5b4 Qc7 22. f3 Rfe8 {Osterman,R 
(2310)-Sahovic,D (2420) Bor 1976 1/2-1/2}) (8. Be3 Bd7 $14) 8... Nb4 (8... d5
9. exd5 Nxd5 10. Nxd5 Qxd5 11. c3 $11) 9. Re1 a5 10. Bf1 {Black has a cramped
position} (10. h3 c6 $14) 10... Bg4 $11 11. h3 Bxf3 12. gxf3 (12. Qxf3 $2 Nxc2
13. Bd3 Nxa1 14. Rxa1 c6 $19) 12... e5 13. Ne2 exd4 14. Nxd4 c5 {Black
threatens to win material: c5xd4} (14... Nh5 $5 {should be investigated more
closely} 15. c3 Bxd4 16. cxd4 Qf6 $11) 15. Nb5 $14 Re8 (15... Qe7 16. Bg5 Rad8
17. c3 $16) 16. Bg5 $16 h6 17. Nxd6 $4 {White lets it slip away} (17. Bh4 $142
$16) 17... hxg5 $19 18. Nxe8 Qxe8 (18... Nxe8 $6 19. Qxd8 Rxd8 20. c3 $15) 19.
e5 Nh5 20. Bc4 (20. Bb5 Nc6 21. e6 fxe6 $19 (21... Bxb2 $6 22. Rb1 Bc3 23.
exf7+ Qxf7 24. Qd3 $17)) 20... Nf4 21. Ra3 $2 (21. c3 Rd8 22. Qb3 $19) 21...
Rd8 22. Qc1 Rd4 23. Bb5 (23. Bf1 {desperation} Qe6 24. Re4 $19) 23... Qe6 24.
Bf1 Nxh3+ 25. Bxh3 Qxh3 26. Re4 (26. Qxg5 {doesn't change anything anymore}
Nxc2 27. f4 Nxa3 28. bxa3 c4 $19) 26... Rxe4 (26... Bxe5 $142 {and Black has
prevailed} 27. f4 Qg4+ 28. Rg3 Rd1+ 29. Kg2 Qd7 30. Qxd1 Qxd1 31. fxe5 Qxc2 $19
) 27. fxe4 Qg4+ (27... Qe6 $142 $5 {keeps an even firmer grip} 28. Qxg5 Bxe5
29. Qd8+ Kg7 30. Qh4 $19) 28. Rg3 Qf4 29. Qf1 (29. Qxf4 gxf4 30. e6 fxe6 31.
Rxg6 $19) 29... Bxe5 30. Qg2 (30. Qd1 {is one last hope} Qxe4 31. Re3 $19)
30... Qc1+ 31. Qf1 Qxf1+ 32. Kxf1 Bxg3 33. fxg3 Nxc2 34. Kf2 Nd4 35. Ke3 (35.
g4 {cannot change destiny} Nc6 $19) 35... f5 36. e5 (36. exf5 {the only chance
to get some counterplay} gxf5 37. Kd3 $19) 36... Kf7 37. Kd3 Ke6 38. Kc4 Kxe5
39. Kxc5 f4 40. gxf4+ gxf4 (40... gxf4 41. Kc4 f3 42. b3 f2 43. Kc3 f1=Q 44.
Kb2 Qg2+ 45. Ka3 Qd2 46. b4 axb4#) 0-1